Komparatívna analýza podvojného účtovníctva neziskových organizácií v Slovenskej republike a Českej republike
Právna úprava podvojného účtovníctva neziskových organizácií. Komparatívna analýza podvojného účtovníctva neziskových organizácií v Slovenskej republike a Českej republike s cieľom identifikovať spoločné znaky a rozdiely v účtovníctve neziskových organizácií v obidvoch krajinách.
Uložené v:
| Hlavný autor: | |
|---|---|
| Ďalší autori: | |
| Médium: | Kapitola |
| Jazyk: | Slovak |
| Predmet: | |
| Tagy: |
Žiadne tagy, Buďte prvý, kto otaguje tento záznam!
|
MARC
| LEADER | 00000nla a2200000 4500 | ||
|---|---|---|---|
| 001 | 0230489 | ||
| 005 | 20240502073801.4 | ||
| 041 | 0 | |a slo | |
| 044 | |a SK | ||
| 245 | 1 | 0 | |a Komparatívna analýza podvojného účtovníctva neziskových organizácií v Slovenskej republike a Českej republike |c Alena Kordošová, Iris Šimíková |
| 520 | |a Právna úprava podvojného účtovníctva neziskových organizácií. Komparatívna analýza podvojného účtovníctva neziskových organizácií v Slovenskej republike a Českej republike s cieľom identifikovať spoločné znaky a rozdiely v účtovníctve neziskových organizácií v obidvoch krajinách. | ||
| 610 | 2 | 0 | |a analýza komparatívna |
| 610 | 2 | 0 | |a Slovensko |
| 610 | 2 | 0 | |a Česko |
| 610 | 2 | 0 | |a pravidlá účtovné |
| 610 | 2 | 0 | |a účtovníctvo podvojné |
| 610 | 2 | 0 | |a organizácie neziskové |
| 100 | 1 | |a Kordošová, Alena, 1970- | |
| 700 | 1 | |a Šimíková, Iris | |